[Event "33rd ECCC Open 2017"]
[Site "Antalya"]
[Date "2017.10.14"]
[Round "7"]
[White "Van Haastert, Edwin"]
[Black "Ozturk, Kubra"]
[Result "1-0"]
[WhiteElo "2447"]
[BlackElo "2364"]
[Annotator "TA"]
[PlyCount "121"]
[EventType "team-tourn"]
[EventCountry "TUR"]
[SourceTitle "playchess.com"]
[Source "ChessBase"]
[SourceQuality "1"]
[WhiteTeam "Leiden"]
[BlackTeam "Besiktas"]

{[%evp 35,121,19,20,21,27,21,21,27,51,22,28,0,0,0,0,0,0,0,0,0,23,29,60,56,55,54,57,32,44,50,58,33,56,58,59,59,55,59,117,114,134,133,126,129,129,133,147,145,139,134,156,97,137,157,147,97,97,97,97,97,97,97,97,97,97,97,97,97,129,137,134,123,133,72,71,56,590,97,97,97,921,888,751,693,29976,29976,29978,29979]} 1. e4 e5 2. Nf3 Nc6 3. Bb5 a6 4. Ba4 Nf6 5. O-O Be7 6. Re1 b5 7. Bb3 d6 8. c3 O-O 9. h3 Nb8 10. d4 Nbd7 11. Nbd2 {[%cal Bb1d2,Bd2f1,Bf1g3][%mdl 32]} Bb7 12. Bc2 Re8 13. Nf1 Bf8 14. Ng3 g6 15. Bg5 h6 16. Bd2 Bg7 17. a4 Nb6 {C95: Closed Ruy Lopez: Breyer Variation with 10 d4} 18. Qc1 Kh7 {LiveBook: 4 Games} 19. axb5 (19. b3 bxa4 20. bxa4 a5 21. dxe5 dxe5 22. Bb3 Qe7 23. Be3 Nfd7 24. h4 Ba6 25. h5 {1-0 (59) Yu,Y (2738)-Piorun,K (2651) Caleta 2017}) 19... axb5 {The position is equal.} 20. b3 c5 21. d5 c4 $146 ({Predecessor:} 21... Qc7 22. Be3 Rxa1 23. Qxa1 Bc8 24. Qd1 Bd7 25. Qe2 {½-½ (38) Perez Ponsa,F (2585)-Real de Azua,E (2455) Villa Martelli 2016}) 22. b4 Qd7 23. Ra5 Rxa5 24. bxa5 Na8 25. Qb2 Nc7 26. Be3 Ra8 27. Bb6 Ra6 28. Rb1 $36 {[%mdl 2048] White is more active.} Na8 29. Qxb5 Nxb6 30. axb6 {Threatens to win with Qb4.} Qxb5 31. Rxb5 Nd7 32. Rb4 Nxb6 33. Nd2 h5 34. Ngf1 Bh6 35. Nxc4 Nxc4 36. Rxb7 Ra3 (36... Kg7 $14) 37. Bd3 $16 Rxc3 38. Rxf7+ Kg8 39. Rc7 Rxd3 40. Rxc4 {[%mdl 4096] Endgame KRB-KRN} Kf7 41. Rc7+ Ke8 42. Rh7 $1 {[%cal Rh7h6]} Bf8 43. h4 (43. g3 $142) 43... Rd4 {[#]} 44. f3 $1 Rd1 45. Kf2 Ra1 46. g4 Be7 47. gxh5 Bxh4+ 48. Kg2 gxh5 49. Rxh5 Bd8 50. Rh8+ Kd7 51. Rh7+ Ke8 52. Ne3 Bb6 53. Nf5 Bc5 54. Rg7 (54. Ng7+ $142 Kf7 55. Ne6+ Kg6 56. Rb7) 54... Rg1+ 55. Kh3 Rf1 $2 {[%mdl 8192] [#]} (55... Rxg7 $14 56. Nxg7+ Kf7) 56. Kg4 $2 (56. Kh4 $1 $18 {and the rest is easy.} Rh1+ 57. Kg5 Rg1+ 58. Kf6 Rxg7 59. Nxg7+ (59. Kxg7 Ba3 $16) 59... Kd7 60. Kf7) 56... Rg1+ 57. Kh5 {Strongly threatening Nxd6+!} Rf1 $2 {[%mdl 8192]} (57... Rxg7 $16 58. Nxg7+ Kf7) 58. Kg6 $18 Rxf3 59. Kf6 Rf4 60. Ke6 {[%cal Rg7g8]} Kd8 61. Nxd6 {Precision: White = 64%, Black = 48%.} 1-0

[Event "33rd ECCC Open 2017"]
[Site "Antalya"]
[Date "2017.10.14"]
[Round "7"]
[White "Wells, Peter K"]
[Black "Mamedov, Nidjat"]
[Result "1/2-1/2"]
[WhiteElo "2447"]
[BlackElo "2596"]
[Annotator "TA"]
[PlyCount "139"]
[EventType "team-tourn"]
[EventCountry "TUR"]
[SourceTitle "playchess.com"]
[Source "ChessBase"]
[SourceQuality "1"]
[WhiteTeam "White Rose"]
[BlackTeam "Genc"]

{[%evp 11,139,49,45,22,25,29,30,36,24,39,37,27,47,34,77,62,67,37,32,36,86,86,146,147,154,152,185,160,186,186,175,168,163,167,167,164,157,155,161,152,173,161,166,165,168,163,168,177,180,165,257,255,263,261,244,253,247,254,263,245,265,258,257,243,241,132,132,132,132,132,139,139,139,139,139,139,139,139,139,139,139,139,139,139,139,139,139,110,110,110,110,110,110,0,125,89,0,0,0,0,125,125,125,125,125,125,125,125,125,125,125,0,0,0,0,0,0,0,0,0,0,0,0,0,0,0,0,0,0,0]} 1. e4 c5 2. Nf3 e6 3. g3 Nc6 4. Bg2 d5 5. exd5 Qxd5 (5... exd5 6. O-O Nf6 7. d4 Be7 8. dxc5 O-O 9. Nbd2 Bxc5 10. Nb3 Bb6 11. c3 Ne4 12. Be3 Bxe3 13. fxe3 {½-½ (50) Tomashevsky,E (2716)-Najer,E (2679) Doha 2016}) 6. O-O {B40: Sicilian: 2...e6, Unusual lines} Nf6 {LiveBook: 5 Games} 7. d4 Nxd4 8. Nxd4 {White has an edge.} Qxd4 9. Qe2 Be7 10. Na3 $146 {[%cal Bb1a3,Ba3c4,Bc4d6][%mdl 32]} ({Predecessor:} 10. Rd1 Qb4 11. a3 Qb6 12. a4 a5 {½-½ (73) Mueller,P-Brod,M (2265) Hallsberg 1991}) 10... O-O 11. Rd1 {[%mdl 1024] White has compensation.} Qb4 12. Nc4 Qb5 13. a4 Qe8 14. Nd6 Bxd6 $1 15. Rxd6 Qe7 16. Bf4 $36 {[%mdl 2048] Black is under strong pressure.} Bd7 ({Black should try} 16... Re8) 17. Rd2 $16 (17. Bxb7 $6 Rab8 $14) 17... e5 18. Qxe5 Qxe5 19. Bxe5 Bc6 20. Bxc6 bxc6 21. Bxf6 gxf6 $18 {[%mdl 4096] Endgame KRR-KRR} 22. Rd6 Rfc8 23. Re1 Rab8 24. b3 c4 25. Re7 cxb3 26. cxb3 Kg7 27. Rdd7 Rf8 28. Re3 a6 29. Ra7 Ra8 30. Ree7 a5 (30... c5 $142 31. Rac7 Rab8) 31. Rxf7+ $1 Rxf7 32. Rxa8 {KR-KR} Rb7 33. Rxa5 Rxb3 34. Rc5 Ra3 35. a5 ({But not} 35. Rxc6 $6 Rxa4 36. Rc5 Kg6 $16) 35... h6 36. Kg2 ({Weaker is} 36. Rxc6 Rxa5 37. Kg2 Kg6 $16) 36... Kf7 37. g4 ({Much less strong is} 37. Rxc6 $6 Rxa5 38. h3 Kg6 $16) 37... Ke7 38. Rxc6 (38. f3 $18) 38... Rxa5 $16 {[#]} 39. Rc7+ $1 Kf8 40. Rh7 f5 41. Rxh6 fxg4 42. Rg6 Kf7 43. Rxg4 Kf6 44. h4 Rb5 45. Kg3 Ra5 46. Rg8 Ra1 47. Rg5 Rg1+ 48. Kf4 Rh1 49. Rf5+ Kg6 50. h5+ $1 Kh6 51. Ke5 Ra1 52. f4 (52. Kd4 $16) 52... Ra5+ (52... Rb1 $11) 53. Ke4 Ra4+ 54. Kf3 {And now Kg4 would win.} Ra1 55. Rg5 Rb1 (55... Rh1 $11 {remains equal.}) 56. Kg4 Rg1+ 57. Kf5 Ra1 {[#]} 58. Rg8 $1 Rb1 59. Rh8+ Kg7 60. Re8 Kh6 61. Kf6 (61. Re2 $16) 61... Kxh5 $11 {The position is equal.} 62. f5 {Rh8+ is the strong threat.} (62. Re5+ {with more complications.} Kh6 63. Kf7 Rb7+ 64. Re7 Rb5 65. Re6+) 62... Rb6+ 63. Re6 Rb7 64. Re1 Rb6+ $1 65. Kg7 Rb7+ $1 66. Kf6 Rb6+ $1 67. Re6 Rb7 68. Rd6 Kh6 69. Ke6 Kg7 70. Rd7+ {Precision: White = 72%, Black = 62%.} 1/2-1/2

[Event "33rd ECCC Open 2017"]
[Site "Antalya"]
[Date "2017.10.14"]
[Round "7"]
[White "Sulava, Nenad"]
[Black "Rositsan, Boris"]
[Result "1-0"]
[WhiteElo "2442"]
[BlackElo "2087"]
[Annotator "TA"]
[PlyCount "125"]
[EventType "team-tourn"]
[EventCountry "TUR"]
[SourceTitle "playchess.com"]
[Source "ChessBase"]
[SourceQuality "1"]
[WhiteTeam "Nice Alekhine"]
[BlackTeam "MAKABI"]

{[%evp 12,124,80,48,89,64,81,75,81,78,84,83,70,71,93,70,57,29,52,43,52,-7,0,6,121,108,145,87,144,140,141,73,77,75,84,95,79,73,67,27,155,112,125,117,151,42,136,138,135,137,127,135,130,68,91,86,110,97,238,245,435,434,432,417,327,138,150,150,178,70,80,76,73,73,150,73,92,45,101,49,104,33,49,65,70,70,100,0,3,0,523,531,746,752,749,748,737,745,723,707,701,446,29984,29985,29985,29984,29984,29985,29985,29986,29991,29992,29992,29993,29999]} 1. d4 Nf6 2. Nf3 c5 3. c3 b6 4. dxc5 bxc5 5. e4 Bb7 6. e5 Nd5 7. Bd3 {LiveBook: 15 Partien} Nb6 {A46: Damenbauernspiele} (7... e6 8. O-O Nc6 9. Re1 Be7 10. c4 Nb6 11. Nc3 Nb4 12. Be4 Bxe4 13. Rxe4 O-O 14. Rg4 f5 15. exf6 Rxf6 {½-½ (64) Ballmann,M (2405)-Milov,V (2675) Switzerland 2008}) 8. Nbd2 g6 9. O-O $146 ({Vorgänger:} 9. Qe2 Bg7 10. Ne4 c4 11. Bc2 O-O 12. O-O Na6 13. Bf4 Rc8 14. Qd2 Nc5 15. Rfe1 Rc7 16. Bg5 {½-½ (16) Knezevic,M (2435)-Renet,O (2420) Pancevo 1985}) 9... Bg7 {Weiß steht besser.} 10. Re1 O-O 11. Ne4 c4 12. Bc2 Na6 13. Bf4 Rc8 14. Qd2 Bxe4 15. Bxe4 Nc5 16. Bh6 (16. Bc2 $14) 16... Nba4 17. Rab1 Qb6 (17... Rb8 $11) 18. Bc2 $1 $16 Qa5 19. Nd4 (19. Bxg7 $142 Kxg7 20. Qd4) 19... Ne6 20. Bxg7 Kxg7 21. Re4 (21. Re3 $142 $1) 21... Nac5 22. Rh4 {jetzt Dh6+ und aus.} Rh8 23. Nxe6+ Nxe6 24. f4 $1 ({Natürlich nicht} 24. Qxd7 Rc7 $11) 24... h6 25. Kh1 Qc5 (25... g5 $11 {hält das Gleichgewicht.} 26. Rg4 Kf8) 26. Rf1 ({Falsch wäre} 26. Qxd7 $2 Rhd8 $19) 26... Nf8 27. Rh3 Rc6 28. Re3 (28. Rhf3 $16) 28... Rb6 (28... e6 $1 $14) 29. b4 cxb3 30. axb3 e6 31. b4 Qc7 32. Bd3 (32. Rd3 $16) 32... d5 {[#]} 33. exd6 $1 Rxd6 34. Qb2 Nd7 (34... Qb6 $16 35. c4+ Qd4) 35. c4+ $18 Kh7 $2 (35... Nf6 {war einen Versuch wert.} 36. c5 Rd5) 36. c5 Rd5 37. Be4 Rh5 {Schwarz hofft, mit ...Tb8 fortzusetzen.} 38. Rd3 (38. g4 $18 Rh4 39. c6) 38... Rb8 $16 39. Qd4 Nf8 40. Bf3 (40. Ra3 $18) 40... Rf5 $14 41. g3 {Und Le4 würde nun gewinnen.} a5 42. bxa5 Qxa5 {[#]} ({Besser ist} 42... Rxc5 43. a6 Ra5) 43. c6 (43. Rc1 $142 $1 {Und weiter mit g4 wäre nett.} Rc8 44. c6) 43... Rc5 $16 44. Ra1 {[%cal Bf1a1,Ba1a2,Ba2b2,Bb2b5][%mdl 32]} Qb6 ({Günstiger ist} 44... Qb4 $14) 45. Rd2 (45. Rdd1 $16) 45... h5 (45... Kg8 $14) 46. Qa4 (46. Kg2 $16 {zielt auf Tb1! ab.} Rxc6 47. Bxc6 Qxc6+ 48. Kg1) 46... Kg8 47. Kg2 h4 48. Raa2 $36 {[%mdl 2048] Weiss hat gut koordiniertes Spiel.} Rc1 49. Qa7 ({Lieber} 49. Rac2 $16 Qg1+ 50. Kh3 hxg3 51. hxg3 Rxc2 52. Qxc2 Qf1+ 53. Bg2) 49... Qb5 {[%csl Gc1][%cal Rb5f1]} 50. Qf2 {Schwarz muss nun Tdc2 beachten.} e5 $2 {[%mdl 8192]} (50... Qf5 $1 $11 {und Schwarz steht sicher.} 51. gxh4 (51. Rd1 h3+ 52. Kg1 Rxd1+ 53. Bxd1 Rb1 $19) 51... e5) 51. Rab2 $18 e4 52. Rxb5 exf3+ 53. Qxf3 Rxb5 54. Qa3 Rbc5 55. Rd8 Kg7 56. Qb2+ Kg8 (56... R5c3 $18) 57. Qb8 {Weiß setzt Matt.} h3+ 58. Kxh3 Rh5+ 59. Kg2 Rc2+ 60. Kf3 Rhxh2 61. Rxf8+ Kg7 62. Rg8+ Kf6 63. Qe5# {Precision: Weiß = 40%, Schwarz = 41%.} 1-0

[Event "33rd ECCC Open 2017"]
[Site "Antalya"]
[Date "2017.10.14"]
[Round "7"]
[White "Costachi, Mihnea"]
[Black "Oguz, Huseyin"]
[Result "1-0"]
[WhiteElo "2425"]
[BlackElo "1765"]
[Annotator "TA"]
[PlyCount "107"]
[EventType "team-tourn"]
[EventCountry "TUR"]
[SourceTitle "playchess.com"]
[Source "ChessBase"]
[SourceQuality "1"]
[WhiteTeam "Adare"]
[BlackTeam "Hatay"]

{[%evp 9,107,0,8,0,3,-1,6,-12,-12,-13,0,-8,-16,-28,-22,-19,-19,-29,-27,-27,-8,-31,0,-33,-44,-58,-51,-47,-42,-55,-50,-58,-50,-41,-29,-31,-33,-72,-28,-81,-73,-87,-90,-112,-82,-100,-113,-149,-139,-140,-141,-139,-143,-144,-115,-116,-131,-134,-45,-74,-61,-120,-45,-91,-35,-36,-32,-38,0,-54,-11,-46,0,0,0,0,0,0,3,0,0,0,97,43,469,450,445,415,29971,29971,11606,11606,5313,956,29994,29995,29995,5202,2042,2037]} 1. Nc3 d5 2. d4 Bf5 3. Bf4 c6 4. e3 Nf6 5. Be2 (5. f3 e6 6. g4 Bg6 7. h4 h5 8. g5 Nfd7 9. Bd3 Bxd3 10. Qxd3 g6 11. Nge2 Bg7 12. Bd6 {1-0 (49) Grandelius,N (2643)-Bologan,V (2640) Doha 2016}) 5... e6 6. a3 {D00: 1 d4 d5: Unusual lines} (6. g4 {looks sharper.} Bg6 7. h4 h6 8. f3 c5 9. Nb5) 6... Bd6 7. Bxd6 Qxd6 8. Nf3 {The position is equal.} Nbd7 $146 ({Predecessor:} 8... O-O 9. O-O Nbd7 10. Re1 e5 11. dxe5 Nxe5 12. Nxe5 Qxe5 13. Rc1 Rfe8 {½-½ (45) Vojir,V (1659)-Hochman,J (1638) Hrdonov 2013}) 9. O-O Bg4 10. Re1 O-O 11. h3 Bh5 12. Nh4 Bxe2 13. Qxe2 c5 14. Rad1 cxd4 15. exd4 a6 16. Rd3 Nb6 {[%cal Bd7b6,Bb6c8,Bc8d6][%mdl 32]} 17. a4 Qc7 18. b3 Nc8 19. Nf3 Nd6 20. Ne5 b5 21. Rc1 Rac8 22. axb5 axb5 23. Nd1 b4 24. Nb2 (24. Qe1 $11) 24... Nfe4 $17 25. Na4 Nb5 26. h4 {[#]} Nxd4 $1 {[%mdl 512]} 27. Rxd4 Qxe5 28. Qe3 Qb8 29. Nb2 Rc3 30. Nd3 Rfc8 31. Rxb4 Qd6 32. Ra4 Nc5 33. Raa1 e5 (33... h6 $17 34. Qd2 Ne4) 34. Qd2 d4 35. Ne1 (35. Nb2 $15) 35... Qc7 (35... e4 $17 36. Rd1 Ne6) 36. Rcb1 $15 Ne4 (36... Ne6 $17 {White must now prevent ...e4.} 37. b4 Nf4) 37. Qe2 Nf6 38. b4 Nd5 39. b5 (39. Qe4 $11 Nf6 40. Qe2) 39... f6 40. Qg4 {Threatens to win with b6!} Nb6 41. Qe6+ Kh8 42. Ra6 Rb8 43. Rba1 {And now Rxb6! would win.} h6 $1 44. h5 Rc5 45. Ra7 $36 {[%mdl 2048] White is more active.} Qd8 (45... Qc8 $1 $11 {remains equal.} 46. Qe7 Qf8) 46. Nd3 (46. Nf3 $1 $16) 46... Rxc2 $2 {[%mdl 8192] [#]} (46... Rc7 $1 $14) 47. Nxe5 $1 $18 {[%mdl 512]} fxe5 {[#]} 48. Rxg7 $1 {[%cal Re6h6][%mdl 512]} Rc1+ (48... Kxg7 $18 49. Ra7+ Rc7 50. Qxe5+ Kf8 51. Rxc7 Nd7 52. Rxd7 Qxd7) 49. Rxc1 {[%cal Re6h6]} Kxg7 50. Qxe5+ Kf7 51. Qf4+ (51. Qf5+ $142 Kg8 52. Qg6+ Kf8 53. Qxh6+ Kf7 54. Rc6) 51... Ke7 52. Re1+ Kd7 53. Qxd4+ (53. Qf5+ $142 Kc7 54. Qc5+ Kb7 55. Qc6+ Ka7 56. Ra1+ Na4 57. Qa6#) 53... Kc8 54. Qc5+ {Precision: White = 53%, Black = 40%.} 1-0

[Event "33rd ECCC Open 2017"]
[Site "Antalya"]
[Date "2017.10.14"]
[Round "7"]
[White "Kazakovskiy, Valeriy"]
[Black "Stevic, Hrvoje"]
[Result "0-1"]
[WhiteElo "2420"]
[BlackElo "2616"]
[Annotator "TA"]
[PlyCount "132"]
[EventType "team-tourn"]
[EventCountry "TUR"]
[SourceTitle "playchess.com"]
[Source "ChessBase"]
[SourceQuality "1"]
[WhiteTeam "MAKABI"]
[BlackTeam "Nice Alekhine"]

{[%evp 9,132,-3,-3,-4,-5,0,0,-5,4,20,65,57,45,61,70,25,46,54,83,61,44,39,22,18,51,39,101,17,15,8,16,11,22,25,15,0,93,89,91,98,96,89,88,89,84,71,78,57,70,42,115,97,127,113,161,163,166,183,175,160,172,118,114,52,108,110,120,114,135,46,28,0,0,0,0,0,0,0,0,-580,-491,-580,-580,-580,-576,-576,-576,-568,-491,-1293,-1310,-1292,-1231,-1116,-1025,-947,-878,-29968,-29969,-29968,-29969,-29969,-29969,-29971,-29968,-29979,-29980,-29981,-29982,-29982,-29983,-29983,-29982,-29987,-29988,-29988,-29989,-29989,-29990,-29990,-29991,-29993,-29994,-29995,-29996]} 1. d4 d5 2. c4 dxc4 3. Qa4+ c6 4. Qxc4 Nf6 5. Nf3 Bf5 6. e3 {D23: Queen's Gambit Accepted: 3 Nf3 Nf6 sidelines} Nbd7 7. Nbd2 Qc7 8. Nh4 $146 {The position is equal.} ({Predecessor:} 8. Qb3 h6 9. Nc4 e6 10. Bd3 Bxd3 11. Qxd3 c5 12. O-O Be7 13. b3 O-O 14. Bb2 Rfd8 15. Qe2 b5 16. Nce5 Qb7 17. Nxd7 Nxd7 18. Rfd1 a6 19. dxc5 Nxc5 20. Bd4 {½-½ (20) Kortschnoj,V (2628)-Bacrot,E (2645) Biel 2003}) 8... Be6 9. Qc2 g6 10. e4 Qb6 11. Nhf3 Bg7 12. Be2 O-O 13. O-O a5 14. a4 Ne8 15. Bc4 Nc7 (15... Bxd4 $6 16. Bxe6 fxe6 17. Nc4 $16) 16. Rd1 Rfc8 17. h3 Nd5 (17... Bxd4 $2 18. Nxd4 Qxd4 19. Bxe6 $18) (17... Qa7 $14) 18. Qb3 (18. Ng5 $1 $16) 18... Qxb3 $11 19. Nxb3 Nc7 20. Bxe6 Nxe6 21. Bd2 b6 22. Rac1 f5 (22... c5 $11 {remains equal.}) 23. exf5 $16 gxf5 24. Re1 {[%cal Bd1e1,Be1e2,Be2d2,Bd2d6][%mdl 32]} Kf7 25. Nh4 f4 26. Nf5 {Hoping for Rxe6!} Bf8 27. Re2 c5 28. d5 (28. Nxe7 $5 Bxe7 29. Rce1 $16) 28... Nc7 29. d6 $36 {[%cal Rd6e7][%mdl 2048] White fights for an advantage.} exd6 (29... f3 $1 $14) 30. Bxf4 Re8 31. Rd2 $1 Re4 32. Nxd6+ Bxd6 33. Rxd6 ({Don't do} 33. Bxd6 $6 Ne8 $16) 33... Nf8 34. Bh6 ({Weaker is} 34. Rxb6 Rxf4 35. Nxc5 Nce6 $11) 34... Rb4 35. Bxf8 ({Better is} 35. Nd2 $1 $18) 35... Rxb3 36. Rd7+ ({White should play} 36. Bh6 $16) 36... Ke6 (36... Kxf8 $14 37. Rxc7 Rd8) 37. Re7+ ({Reject} 37. Rxh7 $6 Rxf8 38. Rxc7 Rxb2 $11) 37... Kf6 38. Rxc7 Rxf8 39. Rxh7 (39. Rc3 $1 $16 {[%cal Rc3b3]} Rxc3 40. bxc3) 39... Rxb2 {[%mdl 4096] Endgame KRR-KRR} 40. Rb7 Ke5 41. Rxc5+ (41. g4 {is more complex.} Rfxf2 42. Rxb6 Rg2+ 43. Kf1 Rgf2+ 44. Kg1) 41... bxc5 42. Rxb2 $11 {KR-KR} c4 {Strongly threatening ...c3.} 43. Kf1 c3 44. Rb7 $2 {[%mdl 8192]} (44. Rb5+ $11 Kd4 45. Ke2) 44... Rc8 $19 45. Re7+ Kd4 {White must now prevent ...c2.} 46. Rd7+ {[#]} Ke4 $1 47. Re7+ Kd3 48. Rd7+ {[#]} Kc2 $1 49. Rb7 (49. Ke2 $142 Rc4 50. Rb7) 49... Kd2 50. Rd7+ Kc1 51. Rb7 c2 52. Ke2 Re8+ 53. Kd3 Kd1 {Black mates.} 54. Rc7 c1=Q 55. Rxc1+ Kxc1 {KR-KP} 56. f4 Kb2 57. f5 Kb3 58. g4 Kxa4 {KR-K3P} 59. f6 Kb3 60. g5 Rd8+ 61. Ke2 a4 62. f7 a3 63. g6 a2 64. g7 a1=Q 65. g8=Q Qe5+ 66. Kf1 Qf4+ {Precision: White = 48%, Black = 67%.} 0-1

[Event "33rd ECCC Open 2017"]
[Site "Antalya"]
[Date "2017.10.14"]
[Round "7"]
[White "Nikolovski, Nikola"]
[Black "Postny, Evgeny"]
[Result "1/2-1/2"]
[WhiteElo "2420"]
[BlackElo "2569"]
[Annotator "TA"]
[PlyCount "65"]
[EventType "team-tourn"]
[EventCountry "TUR"]
[SourceTitle "playchess.com"]
[Source "ChessBase"]
[SourceQuality "1"]
[WhiteTeam "Asseco See"]
[BlackTeam "Beer Sheva"]

{[%evp 25,65,36,35,35,37,34,43,33,32,33,125,47,85,80,97,108,118,126,99,37,44,31,146,78,66,62,169,39,20,25,33,0,0,0,72,74,85,0,0,0,73,0]} 1. e4 c6 2. d4 d5 3. exd5 cxd5 4. Bd3 Nc6 5. c3 Nf6 6. Bf4 Bg4 7. Qb3 Qd7 8. Nd2 e6 9. Ngf3 Bxf3 10. Nxf3 Bd6 11. Bxd6 Qxd6 12. O-O O-O 13. Rae1 Nd7 {LiveBook: 10 Games. B13: Caro-Kann: Exchange Variation and Panov-Botvinnik Attack} 14. Re3 g6 15. Rfe1 {[#]} Rab8 $146 {White is slightly better.} ({Predecessor:} 15... Kg7 16. Qd1 {½-½ (16) Seirawan,Y (2595)-Rohde,M (2555) Philadelphia 1988}) 16. h4 {[%cal Bh2h4,Bh4h5][%mdl 32]} Kg7 17. Qc2 Ne7 ({Black should try} 17... Rbe8 $14) 18. Ne5 (18. Ng5 $1 $16 {[%cal Re3e6] Threatens to win with Rxe6!} Nc6 19. h5) 18... Nxe5 19. dxe5 Qc5 20. h5 $1 d4 21. Rh3 dxc3 22. bxc3 ({Much worse is} 22. Qxc3 Qxc3 23. bxc3 Rfd8 $15) (22. Qc1 $1 $16 Ng8 23. bxc3) 22... Rbc8 23. c4 Rfd8 (23... Nc6 $14) 24. Qc1 ({But not} 24. hxg6 $6 hxg6 25. Qd2 Rh8 $11) (24. Qd2 $142 $1 {And now hxg6 would win.} Ng8 25. Qg5 (25. hxg6 hxg6 26. Re4 Rd7 $14)) 24... Ng8 $16 25. hxg6 hxg6 {[#]} (25... fxg6 $14 26. Qg5 Qe7) 26. Qf4 ({Better is} 26. Qg5 $1 $18 {Strongly threatening Bxg6!} Rd4 27. Ree3) 26... Rd4 $1 $14 {[%cal Rd4f4]} 27. Qh2 Kf8 28. Rf3 {Bxg6 is the strong threat.} Kg7 $1 29. Rh3 Qb4 (29... Kf8 $11 {remains equal.}) 30. Rf1 $16 Kf8 31. Rf3 Kg7 32. Rh3 Kf8 33. Rf3 {Precision: White = 49%, Black = 49%.} (33. Qg3 $16 Rc7 {[#]} 34. Bxg6 $1 {[%mdl 512]} fxg6 35. Qxg6) 1/2-1/2

[Event "33rd ECCC Open 2017"]
[Site "Antalya"]
[Date "2017.10.14"]
[Round "7"]
[White "Brynell, Stellan"]
[Black "Hammer, Jon Ludvig"]
[Result "0-1"]
[WhiteElo "2415"]
[BlackElo "2632"]
[Annotator "TA"]
[PlyCount "110"]
[EventType "team-tourn"]
[EventCountry "TUR"]
[SourceTitle "playchess.com"]
[Source "ChessBase"]
[SourceQuality "1"]
[WhiteTeam "Nordkalotten"]
[BlackTeam "Oslo"]

{[%evp 20,110,15,10,14,0,14,19,14,8,17,0,0,0,0,4,38,0,0,0,0,0,0,0,0,0,2,0,0,-9,0,0,0,0,0,0,9,0,0,0,0,0,0,0,5,0,0,0,0,0,0,0,0,0,0,-8,-8,-8,-8,-86,-84,-84,-46,-108,-8,-30,-30,-30,-34,-52,-43,-52,-52,-59,-54,-86,-88,-88,-106,-91,-112,-76,-95,-119,-134,-212,-210,-209,-209,-172,-152,-5110,-5093]} 1. d4 Nf6 2. c4 e6 3. Nf3 d5 4. Nc3 c6 5. cxd5 exd5 6. Bg5 Be7 7. e3 Ne4 8. Bxe7 Qxe7 9. Nxe4 dxe4 10. Nd2 O-O 11. Qc2 Re8 {D36: Queen's Gambit Declined: Exchange Variation: Main line (5 Bg5 c6 6 Qc2)} 12. Bc4 (12. g3 Nd7 13. Bg2 Nf6 14. Rc1 Bf5 15. h3 Nd5 16. a3 h5 17. Qd1 h4 18. Qh5 g6 19. Qxh4 Qxh4 20. gxh4 {0-1 (36) Blanco,C (2345)-Dvirnyy,D (2558) Linares 2017}) 12... Nd7 13. O-O Nb6 {The position is equal.} 14. Bb3 Nd5 $146 ({Predecessor:} 14... Bg4 15. Rae1 Bh5 16. f3 exf3 17. Nxf3 Kh8 18. Ne5 f6 19. Qf5 fxe5 20. Qxh5 exd4 {½-½ (33) Gnichtel,G (2228)-Bujupi,B (2240) Kemer 2007}) 15. Bxd5 cxd5 16. Rfc1 h5 17. Qc7 Qf6 18. Qf4 Qxf4 19. exf4 e3 20. fxe3 Rxe3 21. Re1 Rxe1+ 22. Rxe1 $11 {[%mdl 4096] Endgame KRB-KRN} Bd7 23. Nf1 Rc8 24. Ne3 Rc6 25. Kf2 Ra6 26. a3 Rb6 27. Re2 g6 28. Rd2 Be6 29. b4 Ra6 30. Rd3 Rc6 31. Ke2 a5 32. bxa5 {Threatening Rb3.} Ra6 33. Rb3 Rxa5 34. Rxb7 Rxa3 35. Rb5 Ra4 36. Kd3 Ra2 37. Rc5 Rf2 38. g3 Rxh2 39. Nxd5 (39. f5 $1 $11 {remains equal.}) 39... Rh3 40. Ne3 Rxg3 41. d5 Bh3 ({Black should play} 41... Bd7 $17 {Black wants to play ...h4.} 42. Ke2 h4) 42. d6 Be6 43. Ke2 Kf8 44. Kf2 h4 45. Ra5 Ke8 46. f5 gxf5 {...Rg6 is the strong threat.} 47. Nxf5 Rg4 $1 {[%cal Rg4f4]} 48. Kf3 {[#]} Rb4 $1 49. Ra8+ Kd7 {Threatens to win with ...Bd5+.} 50. Ra7+ Kc6 51. Rc7+ Kb6 52. Ng7 (52. Ne7 $17) 52... Bg4+ $19 53. Ke3 {[#]} h3 $1 54. Rc2 f5 55. Ne6 $2 (55. Kf2 $17 f4 56. Kg1) 55... Re4+ {Precision: White = 61%, Black = 74%.} 0-1